| 000 | 01615cam a22003734a 4500 | ||
|---|---|---|---|
| 999 |
_c29187 _d29158 |
||
| 001 | 13506493 | ||
| 003 | EG-ScBUE | ||
| 005 | 20210614120239.0 | ||
| 008 | 040301s2006 nyua f b 001 0 eng d | ||
| 020 | _a9780071257947 | ||
| 020 | _a0071257942 | ||
| 040 |
_aDLC _beng _erda _cDLC _dDLC _dDLC _dEG-ScBUE |
||
| 082 | 0 | 4 |
_a621.815 _bHAM _222 |
| 100 | 1 |
_aHamrock, Bernard J., _eauthor. _95429 |
|
| 245 | 1 | 0 |
_aFundamentals of machine elements / _cBernard J. Hamrock, Ohio State University, Steven R. Schmid, The University of Notre Dame, Bo O. Jacobson, Lund University, Lund, Swedan. |
| 250 |
_aSecond edition, _binternational edition. |
||
| 264 | 1 |
_aNew York, NY : _bMcGraw-Hill, _c2006. |
|
| 300 |
_axxiv, 980 pages : _billustrations ; _c24 cm |
||
| 336 |
_2rdacontent _atext _btxt |
||
| 337 |
_2rdamedia _aunmediated _bn |
||
| 338 |
_2rdacarrier _avolume _bnc |
||
| 504 | _aIncludes bibliographical references and index. | ||
| 650 | 7 |
_aMachine design. _2BUEsh |
|
| 650 | 7 |
_aMechanical movements. _2BUEsh |
|
| 653 |
_bCOMSCI _cJune2021 |
||
| 655 |
_vReading book _934232 |
||
| 700 | 1 |
_aSchmid, Steven R., _eauthor. _99175 |
|
| 700 | 1 |
_aJacobson, Bo O., _d1942- _eauthor. |
|
| 856 | 4 | 2 |
_3Publisher description _uhttp://www.loc.gov/catdir/enhancements/fy0702/2004004560-d.html |
| 856 | 4 | 1 |
_3Table of contents only _uhttp://www.loc.gov/catdir/enhancements/fy0702/2004004560-t.html |
| 906 |
_a7 _bcbc _corignew _d1 _eecip _f20 _gy-gencatlg |
||
| 942 |
_2ddc _cBB |
||